| 000 | 00478nam a22001817a 4500 | ||
|---|---|---|---|
| 003 | OSt | ||
| 005 | 20140310181910.0 | ||
| 008 | 130712t xxu||||| |||| 00| 0 eng d | ||
| 050 |
_aBT 732 _b.N912 1976 |
||
| 082 |
_aTR 248.4 _bN84 1976 |
||
| 245 | _aNothing can separate us from the love of God / | ||
| 260 |
_aPhilippines : _bPhilippine Bible Society, _cc1976. |
||
| 300 |
_a26 p. _c18 cm. |
||
| 521 | _aFaculty | ||
| 541 | _j1 | ||
| 562 | _e1 | ||
| 942 |
_2lcc _cP _kTR |
||
| 999 |
_c6487 _d6487 |
||